000 00419nam a22001457a 4500
999 _c7512
_d7510
005 20210305112901.0
008 210305b ||||| |||| 00| 0 eng d
082 _a346.066
100 _aAIYAR, A.N.
_96466
245 _aREPORTS OF COMPANY CASES:INCLUDING CASES ON BANKING AND INSURENCE [ VOL-9]
260 _aMADRAS
_bTHE COMPANY LAW INSTITUTE OF INDIA
_c1939
300 _aI-92,P
650 _aLAW
_95701
942 _cJRL